Statistics for Poland... or Portugal?

Click here to take the quiz!

General Stats

  • This quiz has been taken 4,543 times
    (3,451 since last reset)
  • The average score is 10 of 15

Answer Stats

QuestionAnswer% Correct
It’s second largest city starts with a “K”Poland
90%
Its capital is located next to the ocean/seaPortugal
90%
Is located completely on a peninsulaPortugal
87%
Is part of NATOBoth
83%
Has the longer coastline of the twoPortugal
82%
Has the higher life expectancy of the twoPortugal
68%
Is a parliamentary republic (any form)Both
67%
Is a major Catholic countryBoth
58%
Has only one official languageBoth
57%
Has never hosted the OlympicsBoth
52%
Has the higher literacy rate of the twoPoland
52%
Has the higher GDP per capita of the two (nominal)Portugal
51%
Has the higher population density of the twoPoland
48%
Was one of the allied powers in World War 1Portugal
43%
Has had several dictatorsBoth
37%

Score Distribution

Percentile by Number Answered

Percent of People with Each Score

Your Score History

You have not taken this quiz since the last reset